000 00433nam a22001697a 4500
999 _c6361
_d6359
005 20210825135523.0
008 200521b xxu||||| |||| 00| 0 eng d
020 _a8174731857
041 _aeng
082 _a617.6 PUN
100 _aPUNIA, RAJPAL S
_95652
245 _aVIVA IN DENTAL PATHOLOGY: (THEORY& PRACTICAL EXPERIMANTS)
260 _aDelhi
_bAITBS PUBLISHERS
300 _a184p.
650 _aPharmacy
_96627
942 _cBK